000 00623nam a2200229Ia 4500
003 OSt
005 20220925203320.0
006 a|||||r|||| 00| 0
007 ta
008 220923b |||||||| |||| 00| 0 eng d
037 _cGeneral Book
040 _aRTL
_cRTL
_beng
041 _2eng
_aeng
082 _aX:328, H0
100 _aReddy James P
_9265557
245 0 _aProfits
_bTheoritical and practional Aspects
260 _aDublin
_bHodges figgis & co.
_c1940
300 _a420p
_ccm.
650 _aProfit
_9242872
942 _hX:328, H0
_cGB
_2CC
999 _c545917
_d545917